[Event "Perth Metro CC-chD"]
[Site "Perth"]
[Date "2006.03.16"]
[Round "6"]
[White "Arnold, Matthew"]
[Black "Taylor, Paul"]
[Result "1/2-1/2"]
[WhiteElo "1155"]
[BlackElo "1250"]
[PlyCount "80"]
[EventDate "2006.02.02"]
[EventType "tourn"]
[EventRounds "9"]
[EventCountry "AUS"]
[SourceTitle "EXT 2010"]
[Source "ChessBase"]
[SourceDate "2010.11.25"]
[SourceVersion "1"]
[SourceVersionDate "2010.11.25"]
[SourceQuality "1"]

1. e4 c5 2. Nf3 Nc6 3. Bb5 d6 4. d4 cxd4 5. Nxd4 Bd7 6. Nc3 g6 7. Nde2 Bg7 8. f3 Nf6 9. b3 a6 10. Bxc6 Bxc6 11. Bb2 Rc8 12. Nf4 Qa5 13. Qd2 Bh6 14. Nce2 Qxd2+ 15. Kxd2 e5 16. Ke1 0-0 17. Nd3 Bd7 18. Bc1 Bg7 19. c4 b5 20. Nb2 bxc4 21. Nxc4 Bb5 22. Nxd6 Rc2 23. Nxb5 axb5 24. Be3 Ra8 25. a4 Rb2 26. Kf2 Rxb3 27. axb5 Rxa1 28. Rxa1 Rxb5 29. Nc3 Rb2+ 30. Kg1 Bf8 31. Rb1 Rc2 32. Rc1 Rxc1+ 33. Bxc1 Bc5+ 34. Kf1 Nd7 35. Nd5 Nb6 36. Bb2 Nxd5 37. exd5 f6 38. Ke2 Kf8 39. Kd3 Ke7 40. Kc4 Kd6 1/2-1/2

[Event "Perth Respini-D"]
[Site "Perth"]
[Date "2005.10.06"]
[Round "5"]
[White "Benken, Dieter"]
[Black "Arnold, Matthew"]
[Result "1-0"]
[WhiteElo "1298"]
[BlackElo "1155"]
[PlyCount "101"]
[EventDate "2005.09.01"]
[EventType "tourn"]
[EventRounds "9"]
[EventCountry "AUS"]
[SourceTitle "EXT 2010"]
[Source "ChessBase"]
[SourceDate "2010.11.25"]
[SourceVersion "1"]
[SourceVersionDate "2010.11.25"]
[SourceQuality "1"]

1. e4 e6 2. d4 d5 3. Nd2 c5 4. Ngf3 Nc6 5. Bb5 Bd7 6. exd5 Nxd4 7. Nxd4 cxd4 8. Bc4 exd5 9. Bxd5 Qe7+ 10. Qe2 Qxe2+ 11. Kxe2 Bc6 12. Bxc6+ bxc6 13. Nf3 c5 14. c4 Bd6 15. Re1 Ne7 16. g3 0-0 17. Kf1 Nc6 18. Ng5 Nb4 19. Re2 d3 20. Rd2 Bc7 21. Ne4 Nc2 22. Rb1 Rfe8 23. Nxc5 Re1+ 24. Kg2 Re2 25. Nxd3 Ne3+ 26. Kf3 Rxd2 27. Bxd2 Nxc4 28. Ke2 Re8+ 29. Kd1 Rd8 30. Kc2 Nxd2 31. Kxd2 Bb6 32. f3 Re8 33. Re1 Rxe1 34. Kxe1 f5 35. b4 Bd4 36. Ke2 g5 37. g4 f4 38. b5 Kf7 39. Nb4 Ke6 40. Kd3 Bc5 41. Kc4 Kd6 42. Nd5 Bb6 43. Nf6 h6 44. h3 Bd8 45. Ng8 Ke6 46. Nxh6 Kf6 47. Nf5 Kg6 48. Kc5 Bb6+ 49. Kc6 Ba5 50. Ne7+ Kf6 51. Nc8 1-0